[Event "ESP-chT Rapid"]
[Site "Ubeda"]
[Date "2023.09.24"]
[Round "8.3"]
[White "Martirosyan, Haik M"]
[Black "Ortega Ruiz, Jose Miguel"]
[Result "1-0"]
[WhiteElo "2688"]
[BlackElo "2363"]
[PlyCount "75"]
[EventDate "2023.09.23"]
[EventType "team-swiss (rapid)"]
[EventRounds "9"]
[EventCountry "ESP"]
[SourceTitle "EXT 2024"]
[Source "ChessBase"]
[SourceDate "2023.10.10"]
[SourceVersion "1"]
[SourceVersionDate "2023.10.10"]
[SourceQuality "1"]
[WhiteTeam "Solvay"]
[BlackTeam "Alcorcon Diagonal"]
[WhiteTeamCountry "ESP"]
[BlackTeamCountry "ESP"]

1. d4 Nf6 2. c4 g6 3. Nc3 Bg7 4. e4 d6 5. Be2 e5 6. d5 Na6 7. b4 0-0 8. a3 c5 9. Rb1 Ne8 10. Nf3 f5 11. h4 Nf6 12. Bg5 h6 13. Bxf6 Qxf6 14. Nd2 h5 15. Nf3 Bh6 16. Bd3 b6 17. Qa4 Nc7 18. bxc5 dxc5 19. Qc6 Qxc6 20. dxc6 Be6 21. Nd5 Bxd5 22. cxd5 Ne8 23. Nxe5 fxe4 24. Ba6 Bg7 25. Nxg6 Rf7 26. g3 Rd8 27. 0-0 Nc7 28. Bc4 Rd6 29. Nf4 Be5 30. Nh3 Bd4 31. Rfe1 Re7 32. Ng5 e3 33. Kg2 Kg7 34. fxe3 Rxe3 35. Rxe3 Bxe3 36. Re1 Bxg5 37. hxg5 Nxd5 38. Bxd5 1-0

[Event "ESP-ch Rapid"]
[Site "Linares"]
[Date "2023.08.19"]
[Round "4"]
[White "Ortega Ruiz, Jose Miguel"]
[Black "Lianes Garcia, Marcos"]
[Result "0-1"]
[WhiteElo "2359"]
[BlackElo "2391"]
[PlyCount "38"]
[EventDate "2023.08.19"]
[EventType "swiss (rapid)"]
[EventRounds "10"]
[EventCountry "ESP"]
[SourceTitle "CBM 215 Extra"]
[Source "ChessBase"]
[SourceDate "2023.09.30"]
[SourceVersion "1"]
[SourceVersionDate "2023.09.30"]
[SourceQuality "1"]

1. e4 g6 2. h4 h6 3. h5 g5 4. d4 Bg7 5. f4 gxf4 6. Bxf4 c5 7. c3 cxd4 8. Qg4 Kf8 9. Nd2 dxc3 10. bxc3 Nc6 11. Qf3 Qa5 12. Ne2 d6 13. Nc4 Qc5 14. Nc1 Ne5 15. Nxe5 Bxe5 16. Bd2 Nf6 17. Nd3 Qa5 18. c4 Bc3 19. Rd1 Bg4 0-1

[Event "Titled Tuesday intern op 18th Jul Late"]
[Site "Chess.com INT"]
[Date "2023.07.18"]
[Round "2"]
[White "Gulamirian, Korun"]
[Black "Ortega Ruiz, Jose Miguel"]
[Result "0-1"]
[WhiteElo "1816"]
[BlackElo "2359"]
[PlyCount "108"]
[EventDate "2023.07.18"]
[EventType "swiss (blitz)"]
[EventRounds "11"]
[EventCountry "USA"]
[SourceTitle "EXT 2024"]
[Source "ChessBase"]
[SourceDate "2023.10.10"]
[SourceVersion "1"]
[SourceVersionDate "2023.10.10"]
[SourceQuality "1"]

1. d4 Nf6 2. c4 g6 3. Nc3 Bg7 4. Nf3 0-0 5. e4 d6 6. Be3 Bg4 7. h3 Bxf3 8. Qxf3 Nc6 9. 0-0-0 e5 10. dxe5 Nxe5 11. Qe2 Ned7 12. g4 Re8 13. f3 Nb6 14. Qd2 Nfd7 15. Bg5 Bf6 16. Bxf6 Qxf6 17. Nd5 Nxd5 18. exd5 Nc5 19. h4 Qxf3 20. Bg2 Qe3 21. h5 Nd3+ 22. Kb1 Nf2 23. Qxe3 Rxe3 24. Rde1 Rae8 25. Rxe3 Rxe3 26. Rf1 Nd3 27. h6 Re2 28. Bf3 Rxb2+ 29. Ka1 Rf2 30. Rxf2 Nxf2 31. Kb2 Nd3+ 32. Kc3 Ne5 33. Be2 f5 34. gxf5 gxf5 35. Kd4 b6 36. a4 a5 37. Bd1 Kf7 38. Bh5+ Kf6 39. Be8 Nf7 40. Bxf7 Kxf7 41. Ke3 Kf6 42. Kf4 Kg6 43. Kf3 Kxh6 44. Kf4 Kg6 45. Kg3 Kg5 46. Kf3 h5 47. Kg3 f4+ 48. Kf3 Kf5 49. Kg2 h4 50. Kh3 f3 51. Kxh4 f2 52. Kg3 f1Q 53. Kh4 Qxc4+ 54. Kg3 Qxa4 0-1

[Event "Titled Tuesday intern op 18th Jul Late"]
[Site "Chess.com INT"]
[Date "2023.07.18"]
[Round "5"]
[White "Ortega Ruiz, Jose Miguel"]
[Black "Kalaiyalahan, Akshaya"]
[Result "0-1"]
[WhiteElo "2359"]
[BlackElo "2148"]
[PlyCount "72"]
[EventDate "2023.07.18"]
[EventType "swiss (blitz)"]
[EventRounds "11"]
[EventCountry "USA"]
[SourceTitle "EXT 2024"]
[Source "ChessBase"]
[SourceDate "2023.10.10"]
[SourceVersion "1"]
[SourceVersionDate "2023.10.10"]
[SourceQuality "1"]

1. e4 c5 2. b4 d6 3. bxc5 dxc5 4. Nf3 Nc6 5. Bb5 Bd7 6. 0-0 a6 7. Bxc6 Bxc6 8. Re1 e6 9. c3 Nf6 10. Qc2 Be7 11. Ne5 Rc8 12. d3 0-0 13. Bf4 Nd7 14. Nxc6 Rxc6 15. Nd2 Bf6 16. e5 Bg5 17. Bg3 Bxd2 18. Qxd2 Nb6 19. Rab1 Qd7 20. Re4 Nd5 21. h4 Rd8 22. h5 Ne7 23. d4 Nf5 24. h6 cxd4 25. Qg5 Nxh6 26. cxd4 Nf5 27. Rg4 h6 28. Qh5 Rc4 29. Bh4 Rdc8 30. Bf6 g6 31. Rxg6+ fxg6 32. Qxg6+ Ng7 33. Kh2 Qf7 34. Qg3 Qh5+ 35. Kg1 Rc1+ 36. Rxc1 Rxc1# 0-1

[Event "Titled Tuesday intern op 18th Jul Late"]
[Site "Chess.com INT"]
[Date "2023.07.18"]
[Round "9"]
[White "Ortega Ruiz, Jose Miguel"]
[Black "Korkmaz, Necmettin"]
[Result "0-1"]
[WhiteElo "2359"]
[BlackElo "2066"]
[PlyCount "88"]
[EventDate "2023.07.18"]
[EventType "swiss (blitz)"]
[EventRounds "11"]
[EventCountry "USA"]
[SourceTitle "EXT 2024"]
[Source "ChessBase"]
[SourceDate "2023.10.10"]
[SourceVersion "1"]
[SourceVersionDate "2023.10.10"]
[SourceQuality "1"]

1. e4 e5 2. Nf3 Nc6 3. Nc3 Nf6 4. Nxe5 Nxe5 5. d4 Nc6 6. d5 Ne5 7. f4 Ng6 8. e5 Ng8 9. d6 cxd6 10. exd6 Nf6 11. Nb5 Bxd6 12. Nxd6+ Kf8 13. Be2 Qb6 14. Nc4 Qc7 15. 0-0 d5 16. Ne5 Nxe5 17. fxe5 Qxe5 18. Bf4 Qxb2 19. Rb1 Qc3 20. Rb3 Qc5+ 21. Be3 Qc7 22. Qd4 Be6 23. Rc3 Qd7 24. Qb4+ Kg8 25. Rxf6 gxf6 26. Bh6 Bf5 27. Qd4 Qd6 28. Rf3 Bg6 29. Rxf6 Qe7 30. Rf2 f6 31. Bf3 Be4 32. Bxe4 dxe4 33. Qe3 Kf7 34. h3 Rhg8 35. Qb3+ Qe6 36. Qxb7+ Kg6 37. Be3 Rab8 38. Qxa7 Rb1+ 39. Kh2 Rd8 40. Qa4 Rd5 41. Qa8 Re1 42. Bc1 e3 43. Rf3 Rg5 44. Qf8 Re2 0-1

[Event "Madrid-chT Honor 2223"]
[Site "Madrid"]
[Date "2023.01.29"]
[Round "7.2"]
[White "Ortega Ruiz, Jose Miguel"]
[Black "Vazquez Torres, Adrian"]
[Result "1-0"]
[WhiteElo "2351"]
[BlackElo "2190"]
[PlyCount "95"]
[EventDate "2022.11.20"]
[EventType "team-tourn"]
[EventRounds "14"]
[EventCountry "ESP"]
[SourceTitle "EXT 2024"]
[Source "ChessBase"]
[SourceDate "2023.10.10"]
[SourceVersion "1"]
[SourceVersionDate "2023.10.10"]
[SourceQuality "1"]
[WhiteTeam "Alcorcon Diagonal"]
[BlackTeam "Virgen de Atocha"]
[WhiteTeamCountry "ESP"]
[BlackTeamCountry "ESP"]

1. d4 Nf6 2. c4 c5 3. d5 d6 4. Nc3 e5 5. e4 Be7 6. h4 Ng4 7. g3 h5 8. Nh3 a6 9. Ng5 Nd7 10. f3 Nh6 11. Be3 Rb8 12. a4 Nf8 13. Qd2 Qa5 14. Ra3 f6 15. Nh3 Bd7 16. Nf2 Qd8 17. Bd3 Ng6 18. Kd1 b6 19. Kc2 Rb7 20. Rb1 Qc8 21. b4 Bd8 22. Rab3 Nf7 23. Qe2 Ne7 24. f4 exf4 25. gxf4 Bg4 26. Nxg4 hxg4 27. bxc5 dxc5 28. e5 Rxh4 29. Ne4 f5 30. Nd2 Rh3 31. Bg1 Ng6 32. Rf1 Kf8 33. d6 Kg8 34. Qg2 Nf8 35. Qd5 g6 36. Bxc5 Ne6 37. Bg1 b5 38. c5 Bb6 39. d7 Rxd7 40. Qxe6 Bxc5 41. Bxc5 Qxc5+ 42. Rc3 Qd4 43. Qxg6+ Kf8 44. Qxf5 Qxa4+ 45. Kc1 Qa1+ 46. Nb1 Rhxd3 47. Rc8+ Ke7 48. Qf6# 1-0

[Event "Titled Tuesday intern op 17th Jan Early"]
[Site "Chess.com INT"]
[Date "2023.01.17"]
[Round "6"]
[White "Caballero Quijano, Mitzy Mishell"]
[Black "Ortega Ruiz, Jose Miguel"]
[Result "0-1"]
[WhiteElo "2082"]
[BlackElo "2351"]
[PlyCount "136"]
[EventDate "2023.01.17"]
[EventType "swiss (blitz)"]
[EventRounds "11"]
[EventCountry "USA"]
[SourceTitle "CBM 212 Extra"]
[Source "ChessBase"]
[SourceDate "2023.03.31"]
[SourceVersion "1"]
[SourceVersionDate "2023.03.31"]
[SourceQuality "1"]

1. d4 a5 2. Nf3 a4 3. c4 e6 4. e4 d5 5. Nc3 dxe4 6. Nxe4 Nf6 7. Nc3 a3 8. Be2 Bb4 9. 0-0 axb2 10. Bxb2 0-0 11. Qb3 Qe7 12. a3 Ba5 13. a4 Rd8 14. Ba3 Qe8 15. Rfd1 Bxc3 16. Qxc3 b6 17. Ne5 Bb7 18. Bf3 Bxf3 19. Qxf3 Rxa4 20. Qb7 Nbd7 21. Nc6 Rda8 22. Bb2 h6 23. h3 Ne4 24. Rdc1 Rxa1 25. Rxa1 Rxa1+ 26. Bxa1 Nd6 27. Qxc7 Nxc4 28. Bc3 Nf6 29. Ne7+ Kh8 30. Bb4 b5 31. Qc5 Nb2 32. Nc6 Nd3 33. Qc3 Nxb4 34. Nxb4 Qd7 35. Qc5 Ne4 36. Qb6 Nc3 37. Nc6 Kh7 38. Kf1 Nd5 39. Qc5 f6 40. Qxb5 Ne7 41. Qd3+ Nf5 42. Nb4 Qd6 43. Nc2 Qh2 44. Ke2 Qxg2 45. Ne3 Qxh3 46. d5 Qh5+ 47. Kd2 Kg8 48. dxe6 Nh4 49. Qd8+ Kh7 50. Qd3+ Qg6 51. e7 Nf3+ 52. Ke2 Ng1+ 53. Kd2 Nf3+ 54. Kc3 Qxd3+ 55. Kxd3 Ne5+ 56. Kd4 Nc6+ 57. Ke4 Nxe7 58. Nf5 Nxf5 59. Kxf5 h5 60. Kf4 Kg6 61. Kg3 Kg5 62. f4+ Kf5 63. Kh4 Kxf4 64. Kxh5 g5 65. Kg6 g4 66. Kxf6 g3 67. Kg6 g2 68. Kf6 g1Q 0-1

[Event "Titled Tuesday intern op 17th Jan Late"]
[Site "Chess.com INT"]
[Date "2023.01.17"]
[Round "3"]
[White "Ortega Ruiz, Jose Miguel"]
[Black "Jordao Barbosa, Marcio Ferre"]
[Result "0-1"]
[WhiteElo "2351"]
[BlackElo "2119"]
[PlyCount "56"]
[EventDate "2023.01.17"]
[EventType "swiss (blitz)"]
[EventRounds "11"]
[EventCountry "USA"]
[SourceTitle "CBM 212 Extra"]
[Source "ChessBase"]
[SourceDate "2023.03.31"]
[SourceVersion "1"]
[SourceVersionDate "2023.03.31"]
[SourceQuality "1"]

1. e4 e6 2. c4 d5 3. cxd5 exd5 4. Qb3 dxe4 5. Bc4 Qe7 6. Nc3 Nf6 7. Nge2 Nc6 8. Bb5 Bd7 9. 0-0 0-0-0 10. a4 Ne5 11. Bxd7+ Qxd7 12. a5 a6 13. Qc2 Nd3 14. Ra4 Bb4 15. Nxe4 Nxe4 16. Rxb4 Nxb4 17. Qxe4 Nd5 18. Nc3 Rhe8 19. Qxd5 Qxd5 20. Nxd5 Rxd5 21. b4 Rd4 22. Bb2 Rxd2 23. Bxg7 Re4 24. Bf8 Kd7 25. f3 Ree2 26. g4 Rg2+ 27. Kh1 Rxh2+ 28. Kg1 Rdg2# 0-1

[Event "Titled Tuesday intern op 17th Jan Early"]
[Site "Chess.com INT"]
[Date "2023.01.17"]
[Round "2"]
[White "Zampronha, Wladimir Camilo"]
[Black "Ortega Ruiz, Jose Miguel"]
[Result "1-0"]
[WhiteElo "2164"]
[BlackElo "2351"]
[PlyCount "167"]
[EventDate "2023.01.17"]
[EventType "swiss (blitz)"]
[EventRounds "11"]
[EventCountry "USA"]
[SourceTitle "CBM 212 Extra"]
[Source "ChessBase"]
[SourceDate "2023.03.31"]
[SourceVersion "1"]
[SourceVersionDate "2023.03.31"]
[SourceQuality "1"]

1. e4 c6 2. d4 d5 3. e5 Bf5 4. Nf3 h5 5. Be2 e6 6. 0-0 Be7 7. c4 h4 8. h3 Nd7 9. Nc3 Nh6 10. cxd5 exd5 11. Bd3 Be6 12. Qc2 a5 13. Re1 g5 14. Bd2 g4 15. hxg4 Nxg4 16. Bf5 Nf8 17. Bxe6 fxe6 18. Nh2 Nxh2 19. Kxh2 Qb6 20. Be3 0-0-0 21. Rac1 Kb8 22. Na4 Qb4 23. a3 Qb5 24. b4 axb4 25. axb4 Bxb4 26. Rb1 Qa5 27. Nc5 Bxc5 28. dxc5 Nd7 29. Qb2 Qc7 30. Bd4 Kc8 31. Ra1 Nb8 32. Ra8 Kd7 33. Ra7 Kc8 34. Rb1 Na6 35. Rxb7 Kd7 36. Rxc7+ Nxc7 37. Qd2 Rhf8 38. Rb7 Kc8 39. Ra7 Kd7 40. Qa5 Rc8 41. Be3 Rf5 42. Kh3 Rh5 43. f4 Rh7 44. f5 Rg7 45. fxe6+ Kxe6 46. Bg5 d4 47. Bf6 Rh7 48. Qb6 Nd5 49. Rxh7 Nxb6 50. cxb6 c5 51. Re7+ Kf5 52. Rc7 Rb8 53. Rxc5 Rxb6 54. Rd5 Ke4 55. Rd8 d3 56. Bxh4 Rb3 57. e6 d2+ 58. Kh2 Rd3 59. Rxd3 Kxd3 60. e7 d1Q 61. e8Q Qg4 62. Bg3 Qg5 63. Qe5 Qh6+ 64. Kg1 Qc1+ 65. Be1 Qh6 66. Qe7 Qb6+ 67. Kf1 Kc2 68. Bf2 Qb1+ 69. Qe1 Qb5+ 70. Qe2+ Qxe2+ 71. Kxe2 Kc3 72. Ke3 Kc4 73. Ke4 Kb5 74. Ke5 Kc6 75. Ke6 Kc7 76. Ke7 Kc6 77. g4 Kd5 78. g5 Ke5 79. g6 Kf5 80. Kf7 Kg5 81. g7 Kh6 82. g8Q Kh5 83. Qg3 Kh6 84. Qg6# 1-0

[Event "Titled Tuesday intern op 10th Jan Early"]
[Site "Chess.com INT"]
[Date "2023.01.10"]
[Round "4"]
[White "Ortega Ruiz, Jose Miguel"]
[Black "Csonka, Balazs"]
[Result "1-0"]
[WhiteElo "2351"]
[BlackElo "2495"]
[PlyCount "137"]
[EventDate "2023.01.10"]
[EventType "swiss (blitz)"]
[EventRounds "11"]
[EventCountry "USA"]
[SourceTitle "EXT 2024"]
[Source "ChessBase"]
[SourceDate "2023.10.10"]
[SourceVersion "1"]
[SourceVersionDate "2023.10.10"]
[SourceQuality "1"]

1. Nf3 d5 2. g3 Nc6 3. Bg2 e5 4. 0-0 e4 5. Ne1 f5 6. d3 Nf6 7. dxe4 fxe4 8. Bg5 Be6 9. c4 dxc4 10. Nc3 Be7 11. Nc2 0-0 12. Bf4 Bd6 13. Bxd6 cxd6 14. Nxe4 Nxe4 15. Bxe4 d5 16. Bg2 Qf6 17. Bxd5 Rad8 18. Ne3 Rd6 19. Bxe6+ Qxe6 20. Qc2 b5 21. Rfd1 Nd4 22. Rxd4 Rxd4 23. b3 Rc8 24. Rc1 c3 25. Rd1 Rxd1+ 26. Qxd1 Qc6 27. Qc2 Qd6 28. b4 Qd7 29. Qb3+ Kh8 30. h4 Qd2 31. Qe6 Qd8 32. Qf5 Qf8 33. Qd3 Qe8 34. h5 Qc6 35. h6 gxh6 36. Qd4+ Kg8 37. Qg4+ Kf7 38. Qf5+ Ke7 39. Nd5+ Kd6 40. e4 Qd7 41. Qf4+ Kc6 42. Nxc3 Kb7 43. Nd5 Rc4 44. Kg2 Rd4 45. Qe5 Rc4 46. Nf6 Qc7 47. Qxb5+ Ka8 48. Qd5+ Qc6 49. Kf3 Qxd5 50. Nxd5 Rc2 51. a4 Rb2 52. a5 Rb3+ 53. Kg4 Kb7 54. f4 Kc6 55. f5 Kd6 56. Kf4 Rb1 57. g4 Rf1+ 58. Ke3 Ke5 59. Kd3 Rg1 60. Ne3 Rb1 61. Kc3 Rc1+ 62. Kd2 Rb1 63. Kd3 Rg1 64. Nc4+ Kf4 65. e5 Kxg4 66. e6 Rd1+ 67. Ke4 Rd8 68. Ne5+ Kh5 69. f6 1-0

[Event "Titled Tuesday intern op 10th Jan Early"]
[Site "Chess.com INT"]
[Date "2023.01.10"]
[Round "3"]
[White "Ortega Ruiz, Jose Miguel"]
[Black "Tillyaev, Ulugbek"]
[Result "1-0"]
[WhiteElo "2351"]
[BlackElo "2295"]
[PlyCount "127"]
[EventDate "2023.01.10"]
[EventType "swiss (blitz)"]
[EventRounds "11"]
[EventCountry "USA"]
[SourceTitle "EXT 2024"]
[Source "ChessBase"]
[SourceDate "2023.10.10"]
[SourceVersion "1"]
[SourceVersionDate "2023.10.10"]
[SourceQuality "1"]

1. Nf3 c5 2. g3 Nc6 3. Bg2 g6 4. 0-0 Bg7 5. e4 d6 6. Nc3 e6 7. d3 Nge7 8. Be3 Nd4 9. Ne2 Nxf3+ 10. Bxf3 Bxb2 11. Rb1 Bg7 12. d4 Qc7 13. e5 dxe5 14. dxc5 0-0 15. Qd6 Qxd6 16. cxd6 Nf5 17. d7 Bxd7 18. Rxb7 Nxe3 19. fxe3 Rad8 20. Rd1 Ba4 21. Rxd8 Rxd8 22. Rxa7 Bxc2 23. Nc3 Rd3 24. Ra8+ Bf8 25. Rc8 Rxe3 26. Kf2 Rd3 27. Be4 Rxc3 28. Rxc3 Bxe4 29. a4 Bb4 30. Rc4 Ba5 31. Rxe4 f6 32. Rc4 f5 33. Ke2 Kf7 34. Rc5 Bd8 35. a5 Kf6 36. a6 Bb6 37. Rc6 Bd4 38. Rc7 h5 39. a7 Bxa7 40. Rxa7 g5 41. Ra8 e4 42. Rh8 Kg6 43. h4 gxh4 44. gxh4 f4 45. Rg8+ Kf6 46. Rg5 e5 47. Rxh5 e3 48. Kf3 e4+ 49. Ke2 Kg6 50. Ra5 Kf6 51. h5 Kg7 52. Rf5 Kh6 53. Rxf4 Kxh5 54. Rxe4 Kg5 55. Kxe3 Kf5 56. Kf3 Kf6 57. Kf4 Kg6 58. Re6+ Kf7 59. Kf5 Kg7 60. Re7+ Kg8 61. Kf6 Kf8 62. Re6 Kg8 63. Kg6 Kf8 64. Re3 1-0

[Event "Titled Tuesday intern op 10th Jan Early"]
[Site "Chess.com INT"]
[Date "2023.01.10"]
[Round "5"]
[White "Zemlyanskii, Ivan"]
[Black "Ortega Ruiz, Jose Miguel"]
[Result "1-0"]
[WhiteElo "2237"]
[BlackElo "2351"]
[PlyCount "73"]
[EventDate "2023.01.10"]
[EventType "swiss (blitz)"]
[EventRounds "11"]
[EventCountry "USA"]
[SourceTitle "EXT 2024"]
[Source "ChessBase"]
[SourceDate "2023.10.10"]
[SourceVersion "1"]
[SourceVersionDate "2023.10.10"]
[SourceQuality "1"]

1. d4 Nf6 2. c4 e6 3. Nf3 c5 4. e3 cxd4 5. exd4 d5 6. Nc3 Bb4 7. cxd5 exd5 8. Bd3 0-0 9. 0-0 Nc6 10. Bg5 Be7 11. h3 h6 12. Bf4 Bd6 13. Be5 Be6 14. Re1 Bc7 15. Qd2 Nxe5 16. dxe5 Nd7 17. Nb5 Bb8 18. Rac1 a6 19. Nbd4 Qe7 20. Bb1 Rd8 21. Qd3 Nf8 22. Nxe6 Qxe6 23. Nd4 Qe7 24. Nf5 Qe6 25. Nd4 Qb6 26. e6 fxe6 27. Nxe6 Nxe6 28. Qh7+ Kf8 29. Qf5+ Ke7 30. Qg6 Rf8 31. Bf5 Rf6 32. Qxg7+ Rf7 33. Qg4 Rxf5 34. Qxf5 Ba7 35. Rc7+ Kd8 36. Rf7 Nd4 37. Qd7# 1-0

[Event "Titled Tuesday intern op 03rd Jan Late"]
[Site "Chess.com INT"]
[Date "2023.01.03"]
[Round "8"]
[White "Berezin, Viktor1111"]
[Black "Ortega Ruiz, Jose Miguel"]
[Result "0-1"]
[WhiteElo "2307"]
[BlackElo "2351"]
[PlyCount "98"]
[EventDate "2023.01.03"]
[EventType "swiss (blitz)"]
[EventRounds "11"]
[EventCountry "USA"]
[SourceTitle "EXT 2024"]
[Source "ChessBase"]
[SourceDate "2023.10.10"]
[SourceVersion "1"]
[SourceVersionDate "2023.10.10"]
[SourceQuality "1"]

1. Nf3 g6 2. d4 Bg7 3. g3 d6 4. Bg2 Nf6 5. 0-0 0-0 6. c4 c5 7. d5 Na6 8. Nc3 Bf5 9. Ne1 Nc7 10. e4 Bd7 11. a4 Rb8 12. Nd3 a6 13. a5 Nfe8 14. f4 b5 15. axb6 Rxb6 16. e5 Bf5 17. Ne4 Qb8 18. g4 Bxe4 19. Bxe4 e6 20. Bg2 exd5 21. cxd5 Rb3 22. Kh1 c4 23. Nf2 Qb7 24. e6 Nb5 25. f5 Be5 26. Ne4 Rd3 27. Qe1 f6 28. g5 gxf5 29. Rxf5 Ng7 30. Rxf6 Nd4 31. Rxf8+ Kxf8 32. Qf1+ Ngf5 33. Bf4 Bxf4 34. Qxf4 Qxd5 35. Rf1 Qe5 36. Qg4 Kg7 37. e7 Nxe7 38. Nf6 Ndf5 39. Nh5+ Kg8 40. Nf4 Rd4 41. Qf3 Ne3 42. Qa8+ Kg7 43. Nh5+ Kg6 44. Qe8+ Kxg5 45. Rg1 Rg4 46. Ng3 Rxg3 47. hxg3 Kg4 48. Qf8 Qh5+ 49. Bh3+ Qxh3# 0-1

[Event "Titled Tuesday intern op 03rd Jan Late"]
[Site "Chess.com INT"]
[Date "2023.01.03"]
[Round "6"]
[White "Di Berardino, Diego Rafael"]
[Black "Ortega Ruiz, Jose Miguel"]
[Result "1-0"]
[WhiteElo "2458"]
[BlackElo "2351"]
[PlyCount "93"]
[EventDate "2023.01.03"]
[EventType "swiss (blitz)"]
[EventRounds "11"]
[EventCountry "USA"]
[SourceTitle "EXT 2024"]
[Source "ChessBase"]
[SourceDate "2023.10.10"]
[SourceVersion "1"]
[SourceVersionDate "2023.10.10"]
[SourceQuality "1"]

1. e4 c5 2. Nf3 Nc6 3. d4 cxd4 4. Nxd4 Nf6 5. Nc3 e5 6. Ndb5 d6 7. Bg5 a6 8. Na3 b5 9. Bxf6 gxf6 10. Nd5 f5 11. c3 Bg7 12. exf5 Bxf5 13. Nc2 0-0 14. Nce3 Be6 15. Bd3 f5 16. 0-0 e4 17. Nf4 Bf7 18. Bc2 Qg5 19. Qxd6 Rac8 20. Nh3 Qg6 21. Rfd1 Bf6 22. Nd5 Bd8 23. Qg3 Kh8 24. Nhf4 Qh6 25. Qh3 Bg5 26. Qxh6 Bxh6 27. g3 Ne5 28. Kg2 Rfd8 29. Ne7 Rb8 30. Nxf5 Bxf4 31. gxf4 Nc4 32. Bxe4 Nxb2 33. Rxd8+ Rxd8 34. Ne3 Rd2 35. a3 Na4 36. Rd1 Ra2 37. Rd7 Nc5 38. Rxf7 Nxe4 39. Nf5 h5 40. Re7 Nxf2 41. Kf3 Nd3 42. Nd4 Rxa3 43. Ke4 Nc5+ 44. Kf5 Rxc3 45. Kg6 Ne6 46. Re8+ Nf8+ 47. Rxf8# 1-0

[Event "Titled Tuesday intern op 03rd Jan Late"]
[Site "Chess.com INT"]
[Date "2023.01.03"]
[Round "1"]
[White "Morefield, Jason P"]
[Black "Ortega Ruiz, Jose Miguel"]
[Result "1-0"]
[WhiteElo "2167"]
[BlackElo "2351"]
[PlyCount "143"]
[EventDate "2023.01.03"]
[EventType "swiss (blitz)"]
[EventRounds "11"]
[EventCountry "USA"]
[SourceTitle "EXT 2024"]
[Source "ChessBase"]
[SourceDate "2023.10.10"]
[SourceVersion "1"]
[SourceVersionDate "2023.10.10"]
[SourceQuality "1"]

1. e4 c5 2. Nf3 Nc6 3. Bb5 g6 4. Bxc6 dxc6 5. 0-0 Bg7 6. Re1 e5 7. a3 Ne7 8. b4 cxb4 9. axb4 0-0 10. Bb2 Qc7 11. Na3 Be6 12. Ng5 Bc8 13. b5 h6 14. Nf3 Be6 15. bxc6 Nxc6 16. d3 Rfd8 17. Qd2 a6 18. Rad1 Rac8 19. Qc1 Nd4 20. Nxd4 exd4 21. f4 Bg4 22. Rd2 b5 23. Rf2 Qc5 24. Ref1 Bd7 25. f5 g5 26. Nb1 Be5 27. Qd1 f6 28. Qh5 Qf8 29. Rc1 Be8 30. Qd1 Bf4 31. Rxf4 gxf4 32. Qg4+ Qg7 33. Qxf4 Qg5 34. Qf2 Bf7 35. Nd2 a5 36. Nf3 Qe3 37. Qxe3 dxe3 38. Kf1 b4 39. Ke2 a4 40. Bxf6 Rd6 41. Be7 Rb6 42. Kxe3 b3 43. c4 b2 44. Rb1 Rb3 45. Nd2 Rb7 46. Ba3 Rcb8 47. e5 Bh5 48. h3 Bd1 49. Rxd1 b1Q 50. Nxb1 Rxb1 51. Rxb1 Rxb1 52. e6 Rf1 53. g4 Ra1 54. Bd6 a3 55. f6 Re1+ 56. Kd4 Rxe6 57. Bxa3 Rxf6 58. c5 Ra6 59. Bb4 Kf7 60. Kc4 Ke6 61. d4 Ra1 62. d5+ Kd7 63. c6+ Kc7 64. Bf8 Rc1+ 65. Kb5 Rb1+ 66. Bb4 Rd1 67. d6+ Kc8 68. d7+ Kb8 69. Ba5 Rd5+ 70. Ka6 h5 71. c7+ Ka8 72. c8R# 1-0

[Event "Titled Tuesday intern op 03rd Jan Late"]
[Site "Chess.com INT"]
[Date "2023.01.03"]
[Round "2"]
[White "Ortega Ruiz, Jose Miguel"]
[Black "De la Colina, Nicolas"]
[Result "1-0"]
[WhiteElo "2351"]
[BlackElo "2211"]
[PlyCount "129"]
[EventDate "2023.01.03"]
[EventType "swiss (blitz)"]
[EventRounds "11"]
[EventCountry "USA"]
[SourceTitle "EXT 2024"]
[Source "ChessBase"]
[SourceDate "2023.10.10"]
[SourceVersion "1"]
[SourceVersionDate "2023.10.10"]
[SourceQuality "1"]

1. c4 g6 2. g3 Bg7 3. Bg2 d6 4. Nf3 c5 5. 0-0 Nc6 6. Nc3 e5 7. d3 Nge7 8. Rb1 a5 9. Ne1 Be6 10. Nc2 d5 11. cxd5 Nxd5 12. Ne3 Nde7 13. Ne4 b6 14. Qa4 0-0 15. Ng5 Bd7 16. Qh4 h6 17. Nf3 g5 18. Qc4 Be6 19. Qa4 Qc7 20. Bd2 Rab8 21. Rfc1 f5 22. a3 f4 23. Nf1 g4 24. Nh4 Nd4 25. Qd1 Bb3 26. Qe1 Nc2 27. Rxc2 Bxc2 28. Rc1 Bb3 29. Be4 Qd7 30. Ng2 Bd5 31. gxf4 Bxe4 32. dxe4 exf4 33. Nxf4 Bxb2 34. Rb1 Be5 35. Nd3 Bg7 36. Qc1 Qc6 37. Ng3 Rbd8 38. Qc4+ Kh8 39. Be3 Bd4 40. Nf4 Bxe3 41. fxe3 Rd6 42. e5 Rd7 43. Qe4 Qxe4 44. Nxe4 Kg8 45. Nf6+ Rxf6 46. exf6 Nd5 47. Nxd5 Rxd5 48. Rxb6 Kf7 49. Ra6 Re5 50. Kf2 Rf5+ 51. Kg3 Re5 52. Kf4 Rd5 53. Rxa5 h5 54. e4 Rd2 55. Kf5 Rxe2 56. Ra7+ Kf8 57. e5 Rf2+ 58. Ke6 Kg8 59. Rg7+ Kf8 60. Rh7 Kg8 61. Rxh5 c4 62. Rg5+ Kf8 63. Rxg4 c3 64. Rc4 Kg8 65. Rxc3 1-0

[Event "Titled Tuesday intern op 03rd Jan Late"]
[Site "Chess.com INT"]
[Date "2023.01.03"]
[Round "10"]
[White "Ortega Ruiz, Jose Miguel"]
[Black "Reprintsev, Alexander"]
[Result "1-0"]
[WhiteElo "2351"]
[BlackElo "2298"]
[PlyCount "59"]
[EventDate "2023.01.03"]
[EventType "swiss (blitz)"]
[EventRounds "11"]
[EventCountry "USA"]
[SourceTitle "EXT 2024"]
[Source "ChessBase"]
[SourceDate "2023.10.10"]
[SourceVersion "1"]
[SourceVersionDate "2023.10.10"]
[SourceQuality "1"]

1. g3 d5 2. Bg2 Nc6 3. c4 dxc4 4. Bxc6+ bxc6 5. Qc2 e5 6. Nf3 f6 7. 0-0 Be6 8. Rd1 Ne7 9. d4 cxd3 10. Rxd3 Qc8 11. Nbd2 g6 12. e4 Bg7 13. Qc5 Kf7 14. Nc4 Rd8 15. Rxd8 Qxd8 16. Be3 a5 17. Rc1 Qb8 18. Ncxe5+ fxe5 19. Ng5+ Kf6 20. Nxh7+ Kf7 21. Ng5+ Kf6 22. Nxe6 Kxe6 23. Bg5 Bf6 24. Qc4+ Kd7 25. Bxf6 Qg8 26. Rd1+ Ke8 27. Qc5 Qe6 28. Bxe7 Rb8 29. Bg5 Rxb2 30. Rd8+ 1-0